000 00790nam a2200229 i 4500
001 bg
245 0 0 _aLeśnictwo 2007
_c[Główny Urząd Statystyczny, Departament Statystyki Rolnictwa i Środowiska].
_h[Dokument elektroniczny] /
250 _aWyd. 3.
260 _aWarszawa :
_bZakład Wydawnictw Statystycznych,
_c2007.
300 _a1 dysk optyczny (CD-ROM) :
_bkolor ;
_c12 cm.
500 _aTytuł z ekranu tytułowego.
650 9 _aLeśnictwo
_zPolska
655 _aDokumenty elektroniczne
710 1 _aPolska
_bGłówny Urząd Statystyczny. Departament Statystyki Rolnictwa i Środowiska
022 _a18952666
040 _cBPK
041 0 _apol
044 _aPOL
080 _a630(438)(083.41)(05)(0.034.44)
942 _cCD
008 s pl f |000 0 pol
999 _c41168
_d41168
856 _uhttp://koha.tu.koszalin.pl/cgi-bin/koha/opac-detail.pl?biblionumber=41168
_yKatalog online BPK